HLA System and Some Neoplastic Diseases

Bibliographic Details
Main Authors: Abrhámová, Jitka (Author), Májský, Alexej (Author)
Format: Book
Language:English
PhysicalDescription:80, [1] s. 8°
Published: Praha Univ. Karlova 1988
Edition:1 ed.
Series:Acta Universitatis Carolinae Medica : Monographia 123. 1988

MARC

LEADER 00000nam a2200000 a 4500
001 vtls001145439
003 SK-MaSNL
005 20260301002128.0
008 250414s1988 CS 0 eng
035 |a SNK000088294 
040 |a SNK  |b slo  |c SNK  |e AACR2 
041 0 |a eng 
044 |a [CS] 
080 |a 616-006.04:616-008.853  |2 1981 
080 |a 616-008.853  |2 1981 
100 1 |a Abrhámová, Jitka  |4 aut  |9 281408 
245 1 0 |a HLA System and Some Neoplastic Diseases  |c Jitka Abrhámová, Alexej Májský 
250 |a 1 ed. 
260 |a Praha  |b Univ. Karlova  |c 1988  |e Turnov  |f SG 
300 |a 80, [1] s.  |c 8° 
490 0 |a Acta Universitatis Carolinae Medica : Monographia 123. 1988 
700 1 |a Májský, Alexej  |4 aut  |9 281409 
852 |a Slovenská národná knižnica 
954 |a HLA antigény  |a nádory zhubné 
958 |a OND 
999 |c 536624  |d 538554 
952 |t P60, <04>, [BOOK], {604}  |a SNK  |b SNK  |y VYP  |7 0  |p 17A0012412  |o snkIC 110931 D1  |0 0  |1 1  |4 0  |d 1996-10-04  |l 0  |r 2005-01-01 00:00:00  |w 2026-02-23